Concurso centenario Joaquín Balaguer (1906-2006) (Record no. 20260)

MARC details
000 -LEADER
campo de control de longitud fija 01247cam a2200313Ka 4500
001 - NÚMERO DE CONTROL
campo de control 84207
005 - FECHA Y HORA DE LA ÚLTIMA TRANSACCIÓN
campo de control 20230410102148.0
008 - DATOS DE LONGITUD FIJA--INFORMACIÓN GENERAL
campo de control de longitud fija 081112s2007 dr 001 0 spa d
035 ## - NÚMERO DE CONTROL DEL SISTEMA
Número de control de sistema (OCoLC)ocn271240821
040 ## - FUENTE DE CATALOGACIÓN
Centro catalogador/agencia de origen BNPHU
Lengua de catalogación spa
Centro/agencia transcriptor BNPHU
020 ## - NÚMERO INTERNACIONAL ESTÁNDAR DEL LIBRO
Número Internacional Estándar del Libro 9789945140224
020 ## - NÚMERO INTERNACIONAL ESTÁNDAR DEL LIBRO
Número Internacional Estándar del Libro 9945140221
035 ## - NÚMERO DE CONTROL DEL SISTEMA
Número de control de sistema (OCoLC)271240821
050 14 - SIGNATURA TOPOGRÁFICA DE LA BIBLIOTECA DEL CONGRESO
Número de clasificación 118 PQ 7409
Número de ítem F981c 2007
082 00 - NÚMERO DE LA CLASIFICACIÓN DECIMAL DEWEY
Número de clasificación RD860.9
110 2# - ENTRADA PRINCIPAL--NOMBRE DE ENTIDAD CORPORATIVA
Nombre de entidad corporativa o nombre de jurisdicción como elemento de entrada Fundación Joaquín Balaguer
245 10 - MENCIÓN DEL TÍTULO
Título Concurso centenario Joaquín Balaguer (1906-2006)
260 ## - PUBLICACIÓN, DISTRIBUCIÓN, ETC.
Lugar de publicación, distribución, etc. Santo Domingo :
Nombre del editor, distribuidor, etc. Editora Corripio,
Fecha de publicación, distribución, etc. 2007
300 ## - DESCRIPCIÓN FÍSICA
Extensión 343 p. ;
Dimensiones 23 cm.
500 ## - NOTA GENERAL
Nota general Premios Concurso Centenario Joaquín Balaguer (1906-2006)
505 1# - NOTA DE CONTENIDO CON FORMATO
Nota de contenido con formato Presentación, 15 -- Los ensayos de Balaguer, 17 -- La poesía de Joaquín Balaguer, 51 -- Obra histâorica de Joaquín Balaguer, 97 -- El pensamiento político y la obra de Joaquín Balaguer, 135 -- Joaquín Balaguer: obra y pensamiento, 207 -- Conclusiones, 331 -- Biografías de los galardones, 337 -- Indice onomâastico, 339.
600 14 - PUNTO DE ACCESO ADICIONAL DE MATERIA--NOMBRE DE PERSONA
Nombre de persona Balaguer, Joaquín, 1906-2002
650 #4 - PUNTO DE ACCESO ADICIONAL DE MATERIA--TÉRMINO DE MATERIA
Término de materia o nombre geográfico como elemento de entrada Literatura dominicana.
650 #4 - PUNTO DE ACCESO ADICIONAL DE MATERIA--TÉRMINO DE MATERIA
Término de materia o nombre geográfico como elemento de entrada Literatura y política.
700 0# - ENTRADA AGREGADA--NOMBRE PERSONAL
Nombre de persona Blanco Díaz, Andrés
Término indicativo de función/relación Corrección
942 ## - ELEMENTOS DE ENTRADA SECUNDARIOS (KOHA)
Fuente del sistema de clasificación o colocación Clasificación de Library of Congress
Tipo de ítem Koha
994 ## -
-- C0
-- DRFGD
946 ## - PROCESAMIENTO DE INFORMACIÓN LOCAL (OCLC)
a lmm
Holdings
Estatus retirado Estado de pérdida Fuente del sistema de clasificación o colocación Estado de daño No para préstamo Colección Biblioteca de origen Biblioteca actual Ubicación en estantería Fecha de adquisición Serial enumeration / chronology Signatura topográfica completa Código de barras Visto por última vez Copia número Tipo de ítem Koha
    Clasificación de Library of Congress     Recursos Regionales Biblioteca Juan Bosch Biblioteca Juan Bosch Recursos Regionales (2do. Piso) 10/04/2023 1 118 PQ 7409 F981c 2007 00000076824 23/10/2018 1